Normal view
MARC view
- الكواكبي،عبد الرحمن ، صالح،غانم محمد ، العاني،نوري عبد الحميد ، جواد،حسن فاضل ،واخرون/بحث
Entry Personal Name
001 - CONTROL NUMBER
- control field: 19981
003 - CONTROL NUMBER IDENTIFIER
- control field: JO-AjAnu
005 - DATE AND TIME OF LATEST TRANSACTION
- control field: 20230606073501.0
008 - FIXED-LENGTH DATA ELEMENTS
- fixed length control field: 230606|| aca||aabn | a|a d
040 ## - CATALOGING SOURCE
- Original cataloging agency: JO-AjAnu
- Transcribing agency: JO-AjAnu
100 ## - HEADING--PERSONAL NAME
- Personal name: الكواكبي،عبد الرحمن ، صالح،غانم محمد ، العاني،نوري عبد الحميد ، جواد،حسن فاضل ،واخرون/بحث
670 ## - SOURCE DATA FOUND
- Source citation: Work cat.: (JO-AjAnu)10260: الكواكبي،عبد الرحمن ، صالح،غانم محمد ، العاني،نوري عبد الحميد ، جواد،حسن فاضل ،واخرون/بحث, author, ام القرى